South/Central American Wildlife- Sudden Death - Statistics

General Stats
  • This quiz has been taken 322 times
  • The average score is 9 of 16
Answers on the Grid
Answers color-coded by a green-red scale on the quiz's grid according to % correct below.
Jaguar
Poison Dart Frog
Giant Anteater
Cheetah
Leopard
Tiger
Iguana
Peacock
Komodo Dragon
Ring-Tailed Lemur
Galapagos Giant Tortoise
Marmoset
Sloth
Anaconda
Flamingo
Macaw
Capybara
Hissing Cockroach
Hyena
Spider Monkey
Sloth Bear
Ocelot
Komodo Dragon
Cassowary
Dingo
Platypus
Alpaca
Tapir
Kinkajou
Orangutan
 
Answer Stats
Answer % Correct
Tapir
60%
Capybara
59%
Anaconda
58%
Iguana
58%
Jaguar
58%
Poison Dart Frog
58%
Galapagos Giant Tortoise
56%
Ocelot
56%
Sloth
55%
Macaw
54%
Alpaca
49%
Giant Anteater
49%
Spider Monkey
49%
Flamingo
48%
Kinkajou
45%
Marmoset
41%
No matching quizzes found
Score Distribution
Percent of People with Each Score
Percentile by Number Answered
Your Score History
You have not taken this quiz